[Event "EIRCC 2019"]
[Site "Tallinn"]
[Date "2019.12.05"]
[Round "3.9"]
[White "Postny, Evgeny"]
[Black "Kukk, Sander"]
[Result "1/2-1/2"]
[WhiteElo "2598"]
[BlackElo "2313"]
[Annotator "ChessBase"]
[PlyCount "83"]
[EventDate "2019.12.05"]
[EventType "swiss"]
[EventCountry "EST"]
[SourceTitle "playchess.com"]
[Source "ChessBase"]
[SourceQuality "1"]
[TimeControl "900+10"]

1. d4 {[%emt 0:01:42]} g6 {[%emt 0:00:00]} 2. c4 {[%emt 0:00:02]} Bg7 {[%emt 0:00:00]} 3. e4 {[%emt 0:00:02]} d6 {[%emt 0:00:00]} 4. Nc3 {[%emt 0:00:02]} Nf6 {[%emt 0:00:00]} 5. Nf3 {[%emt 0:00:02]} O-O {[%emt 0:00:02]} 6. Be2 {[%emt 0:00:02]} e5 {[%emt 0:00:59]} 7. d5 {[%emt 0:00:04]} a5 {[%emt 0:00:16]} 8. h3 {[%emt 0:00:03]} Na6 {[%emt 0:00:26]} 9. Bg5 {[%emt 0:00:04]} h6 {[%emt 0:00:15]} 10. Be3 {[%emt 0:00:05]} Qe7 {[%emt 0:02:02]} 11. Nd2 {[%emt 0:00:31]} Nh7 {[%emt 0:00:37]} 12. O-O {[%emt 0:00:23]} f5 {[%emt 0:00:08]} 13. f3 {[%emt 0:00:03]} f4 {[%emt 0:00:59]} 14. Bf2 {[%emt 0:00:02]} g5 {[%emt 0:00:01]} 15. a3 {[%emt 0:00:04]} Bd7 {[%emt 0:01:39]} 16. b4 {[%emt 0:00:59]} h5 {[%emt 0:01:17]} 17. c5 {[%emt 0:00:18]} axb4 {[%emt 0:01:38]} 18. axb4 {[%emt 0:00:11]} Nxb4 {[%emt 0:00:55]} 19. Qb3 {[%emt 0:00:29]} Na6 {[%emt 0:01:28]} 20. c6 {[%emt 0:00:12]} bxc6 {[%emt 0:00:02]} 21. dxc6+ {[%emt 0:00:47]} Be6 {[%emt 0:00:02]} 22. Nd5 {[%emt 0:00:02]} Qf7 {[%emt 0:00:19]} 23. Rxa6 {[%emt 0:00:23]} Rab8 {[%emt 0:00:32]} 24. Qc2 {[%emt 0:00:59]} Bxd5 {[%emt 0:02:10]} 25. exd5 {[%emt 0:00:02]} e4 {[%emt 0:00:02]} 26. Nxe4 {[%emt 0:00:15]} Rb2 {[%emt 0:00:33]} 27. Qc4 {[%emt 0:01:08]} Rfb8 {[%emt 0:00:04]} 28. Ra2 {[%emt 0:00:46]} R2b4 {[%emt 0:00:40]} 29. Qd3 {[%emt 0:00:52]} Be5 {[%emt 0:00:06]} 30. Ra7 {[%emt 0:02:35]} Rb3 {[%emt 0:00:57]} 31. Qa6 {[%emt 0:00:25]} g4 {[%emt 0:00:25]} 32. fxg4 {[%emt 0:01:48]} f3 {[%emt 0:00:01]} 33. Bxf3 {[%emt 0:00:06]} Rxf3 {[%emt 0:00:02]} 34. gxf3 {[%emt 0:00:10]} Qxf3 {[%emt 0:00:02]} 35. Rxc7 {[%emt 0:01:57]} Qxh3 {[%emt 0:00:28]} 36. Rc8+ {[%emt 0:00:32]} Nf8 {[%emt 0:00:11]} 37. Bg3 {[%emt 0:01:36]} Bd4+ {[%emt 0:00:13]} 38. Bf2 {[%emt 0:00:22]} Be5 {[%emt 0:00:00]} 39. Bg3 {[%emt 0:00:38]} Bd4+ {[%emt 0:00:04]} 40. Bf2 {[%emt 0:00:03]} Be5 {[%emt 0:00:03]} 41. Bg3 {[%emt 0:00:25]} Bd4+ {[%emt 0:00:01]} 42. Bf2 1/2-1/2

[Event "EIRCC 2019"]
[Site "Tallinn"]
[Date "2019.12.05"]
[Round "3.10"]
[White "Rogule, Laura"]
[Black "Sanal, Vahap"]
[Result "0-1"]
[WhiteElo "2292"]
[BlackElo "2597"]
[Annotator "ChessBase"]
[PlyCount "82"]
[EventDate "2019.12.05"]
[EventType "swiss"]
[EventCountry "EST"]
[SourceTitle "playchess.com"]
[Source "ChessBase"]
[SourceQuality "1"]
[TimeControl "900+10"]

1. c4 {[%emt 0:00:00]} Nf6 {[%emt 0:02:21]} 2. Nf3 {[%emt 0:00:01]} e6 {[%emt 0:00:03]} 3. g3 {[%emt 0:00:37]} b6 {[%emt 0:00:06]} 4. Bg2 {[%emt 0:00:03]} Bb7 {[%emt 0:00:01]} 5. d4 {[%emt 0:00:25]} Be7 {[%emt 0:00:05]} 6. O-O {[%emt 0:00:03]} O-O {[%emt 0:00:03]} 7. Re1 {[%emt 0:00:19]} Na6 {[%emt 0:00:05]} 8. a3 {[%emt 0:01:37]} d5 {[%emt 0:00:28]} 9. cxd5 {[%emt 0:00:54]} exd5 {[%emt 0:00:04]} 10. Bf4 {[%emt 0:01:59]} c5 {[%emt 0:00:02]} 11. Nc3 {[%emt 0:02:43]} Nc7 {[%emt 0:00:15]} 12. h3 {[%emt 0:02:16]} Ne6 {[%emt 0:00:04]} 13. Be3 {[%emt 0:00:08]} Rc8 {[%emt 0:00:04]} 14. Rc1 {[%emt 0:00:08]} h6 {[%emt 0:00:20]} 15. Ne5 {[%emt 0:02:15]} Re8 {[%emt 0:00:20]} 16. dxc5 {[%emt 0:01:31]} bxc5 {[%emt 0:00:04]} 17. Na4 {[%emt 0:00:07]} Ba8 {[%emt 0:00:21]} 18. Nd3 {[%emt 0:00:23]} d4 {[%emt 0:00:13]} 19. Bd2 {[%emt 0:00:36]} Bxg2 {[%emt 0:00:05]} 20. Kxg2 {[%emt 0:00:00]} Ne4 {[%emt 0:00:26]} 21. Nf4 {[%emt 0:00:58]} Nxd2 {[%emt 0:00:09]} 22. Qxd2 {[%emt 0:00:10]} Nxf4+ {[%emt 0:00:02]} 23. gxf4 {[%emt 0:00:12]} Qd5+ {[%emt 0:00:05]} 24. e4 {[%emt 0:00:45]} Qc6 {[%emt 0:00:06]} 25. b3 {[%emt 0:00:15]} Rb8 {[%emt 0:00:21]} 26. Qc2 {[%emt 0:00:24]} Qg6+ {[%emt 0:00:14]} 27. Kh2 {[%emt 0:00:03]} Qf6 {[%emt 0:00:01]} 28. Nxc5 {[%emt 0:00:17]} Qxf4+ {[%emt 0:00:03]} 29. Kg2 {[%emt 0:00:06]} Rb6 {[%emt 0:00:18]} 30. e5 {[%emt 0:00:24]} Rg6+ {[%emt 0:00:08]} 31. Kf1 {[%emt 0:00:02]} Qh2 {[%emt 0:00:11]} 32. Qf5 {[%emt 0:00:14]} Rg1+ {[%emt 0:00:29]} 33. Ke2 {[%emt 0:00:00]} Rxe1+ {[%emt 0:00:01]} 34. Kxe1 {[%emt 0:00:03]} Qg1+ {[%emt 0:00:21]} 35. Kd2 {[%emt 0:00:05]} Bg5+ {[%emt 0:00:01]} 36. f4 {[%emt 0:00:04]} Qe3+ {[%emt 0:00:07]} 37. Kd1 {[%emt 0:00:24]} Bxf4 {[%emt 0:00:07]} 38. Rc2 {[%emt 0:00:31]} Rxe5 {[%emt 0:00:03]} 39. Qc8+ {[%emt 0:00:07]} Re8 {[%emt 0:00:02]} 40. Ne6 {[%emt 0:00:10]} Qd3+ {[%emt 0:00:04]} 41. Ke1 {[%emt 0:00:04]} Bg3+ {[%emt 0:00:02]} 0-1

[Event "EIRCC 2019"]
[Site "Tallinn"]
[Date "2019.12.05"]
[Round "3.11"]
[White "Riazantsev, Alexander"]
[Black "Shvyrjov, Igor"]
[Result "1-0"]
[WhiteElo "2594"]
[BlackElo "2296"]
[Annotator "ChessBase"]
[PlyCount "113"]
[EventDate "2019.12.05"]
[EventType "swiss"]
[EventCountry "EST"]
[SourceTitle "playchess.com"]
[Source "ChessBase"]
[SourceQuality "1"]
[TimeControl "900+10"]

1. d4 {[%emt 0:00:12]} d6 {[%emt 0:00:00]} 2. Nf3 {[%emt 0:00:08]} Bg4 {[%emt 0:00:03]} 3. e4 {[%emt 0:00:06]} Nf6 {[%emt 0:00:19]} 4. h3 {[%emt 0:00:03]} Bxf3 {[%emt 0:00:05]} 5. Qxf3 {[%emt 0:00:02]} c6 {[%emt 0:00:09]} 6. Nc3 {[%emt 0:00:16]} Nbd7 {[%emt 0:00:10]} 7. Be3 {[%emt 0:00:45]} g6 {[%emt 0:00:05]} 8. O-O-O {[%emt 0:00:10]} Qa5 {[%emt 0:00:08]} 9. g4 {[%emt 0:01:04]} Bg7 {[%emt 0:00:21]} 10. Bc4 {[%emt 0:00:01]} O-O {[%emt 0:00:06]} 11. Bb3 {[%emt 0:00:02]} b5 {[%emt 0:04:38]} 12. Kb1 {[%emt 0:01:51]} Qc7 {[%emt 0:00:33]} 13. g5 {[%emt 0:01:51]} Nh5 {[%emt 0:00:12]} 14. Ne2 {[%emt 0:00:01]} c5 {[%emt 0:00:45]} 15. dxc5 {[%emt 0:01:59]} Nxc5 {[%emt 0:00:49]} 16. Bd4 {[%emt 0:00:55]} Rac8 {[%emt 0:00:31]} 17. Bxg7 {[%emt 0:00:16]} Nxb3 {[%emt 0:00:20]} 18. Bc3 {[%emt 0:00:29]} Nc5 {[%emt 0:00:34]} 19. Qe3 {[%emt 0:02:48]} Na4 {[%emt 0:00:24]} 20. Rd2 {[%emt 0:00:37]} Nxc3+ {[%emt 0:00:15]} 21. Nxc3 {[%emt 0:00:02]} Qc5 {[%emt 0:00:57]} 22. Nd5 {[%emt 0:00:01]} Rfe8 {[%emt 0:02:01]} 23. Qf3 {[%emt 0:00:01]} b4 {[%emt 0:00:40]} 24. h4 {[%emt 0:00:08]} a5 {[%emt 0:00:02]} 25. Rc1 {[%emt 0:00:37]} Qc4 {[%emt 0:00:36]} 26. Nb6 {[%emt 0:00:37]} Qe6 {[%emt 0:00:11]} 27. Nxc8 Rxc8 28. Rd5 {[%emt 0:00:42]} Rc4 {[%emt 0:00:05]} 29. Re1 {[%emt 0:00:34]} a4 {[%emt 0:00:31]} 30. Qe3 {[%emt 0:00:01]} f5 {[%emt 0:00:15]} 31. gxf6 {[%emt 0:00:53]} Nxf6 {[%emt 0:00:02]} 32. Rd4 {[%emt 0:00:01]} Ng4 {[%emt 0:00:26]} 33. Qd2 {[%emt 0:00:01]} Ne5 {[%emt 0:00:25]} 34. Rxc4 {[%emt 0:00:12]} Nxc4 {[%emt 0:00:34]} 35. Qd5 {[%emt 0:00:04]} Kf7 {[%emt 0:00:26]} 36. f4 {[%emt 0:00:07]} Qxd5 {[%emt 0:00:35]} 37. exd5 {[%emt 0:00:01]} Nb6 {[%emt 0:00:01]} 38. Rd1 {[%emt 0:00:18]} Kf6 {[%emt 0:00:15]} 39. Rd4 {[%emt 0:00:06]} Kf5 {[%emt 0:00:16]} 40. Kc1 {[%emt 0:00:08]} a3 {[%emt 0:00:15]} 41. b3 {[%emt 0:00:08]} h5 {[%emt 0:00:09]} 42. Kd2 {[%emt 0:00:07]} Kg4 {[%emt 0:00:04]} 43. Ke3 {[%emt 0:00:13]} Kxh4 {[%emt 0:00:02]} 44. f5+ {[%emt 0:01:34]} Kg5 {[%emt 0:00:02]} 45. fxg6 {[%emt 0:00:01]} Kxg6 {[%emt 0:00:02]} 46. Ke4 {[%emt 0:00:01]} Nd7 {[%emt 0:00:10]} 47. Rxb4 {[%emt 0:00:21]} Nf6+ {[%emt 0:00:01]} 48. Kf3 {[%emt 0:00:07]} Nxd5 {[%emt 0:00:02]} 49. Ra4 {[%emt 0:00:00]} e5 {[%emt 0:00:16]} 50. Rxa3 {[%emt 0:00:17]} Kf5 {[%emt 0:00:05]} 51. Ra8 {[%emt 0:00:11]} e4+ {[%emt 0:00:02]} 52. Kg3 {[%emt 0:00:01]} h4+ {[%emt 0:00:18]} 53. Kxh4 {[%emt 0:00:06]} Kf4 {[%emt 0:00:05]} 54. a4 {[%emt 0:00:30]} e3 {[%emt 0:00:03]} 55. Rf8+ {[%emt 0:00:08]} Ke4 {[%emt 0:00:10]} 56. Kg3 {[%emt 0:00:01]} Nb4 {[%emt 0:00:24]} 57. Rf4+ {[%emt 0:00:03]} 1-0

[Event "EIRCC 2019"]
[Site "Tallinn"]
[Date "2019.12.05"]
[Round "3.12"]
[White "Kashtanov, Ruslan"]
[Black "Esipenko, Andrey"]
[Result "0-1"]
[WhiteElo "2288"]
[BlackElo "2590"]
[Annotator "ChessBase"]
[PlyCount "106"]
[EventDate "2019.12.05"]
[EventType "swiss"]
[EventCountry "EST"]
[SourceTitle "playchess.com"]
[Source "ChessBase"]
[SourceQuality "1"]
[TimeControl "900+10"]

1. Nf3 {[%emt 0:00:00]} d5 {[%emt 0:00:00]} 2. g3 {[%emt 0:00:34]} Nd7 {[%emt 0:00:00]} 3. Bg2 {[%emt 0:00:24]} e5 {[%emt 0:00:02]} 4. d3 {[%emt 0:00:28]} Ngf6 {[%emt 0:00:05]} 5. O-O {[%emt 0:00:03]} c6 {[%emt 0:00:02]} 6. Nc3 {[%emt 0:00:37]} Bd6 {[%emt 0:00:42]} 7. e4 {[%emt 0:00:08]} O-O {[%emt 0:00:12]} 8. Nh4 {[%emt 0:00:49]} dxe4 {[%emt 0:00:47]} 9. dxe4 {[%emt 0:00:25]} Bc5 {[%emt 0:01:35]} 10. Nf5 {[%emt 0:01:09]} b5 {[%emt 0:00:11]} 11. Qf3 {[%emt 0:01:56]} g6 {[%emt 0:01:55]} 12. Nh6+ {[%emt 0:03:47]} Kg7 {[%emt 0:00:01]} 13. Nd1 {[%emt 0:01:02]} Be7 {[%emt 0:04:29]} 14. Ne3 {[%emt 0:04:41]} Nc5 {[%emt 0:00:01]} 15. Neg4 {[%emt 0:00:01]} Nxg4 16. Nxg4 {[%emt 0:00:01]} Bxg4 {[%emt 0:00:05]} 17. Qxg4 {[%emt 0:00:01]} Qd4 {[%emt 0:00:01]} 18. Qe2 {[%emt 0:01:04]} Rad8 {[%emt 0:00:08]} 19. Rb1 {[%emt 0:00:14]} Ne6 {[%emt 0:01:24]} 20. c3 {[%emt 0:00:22]} Qd3 {[%emt 0:00:36]} 21. Qxd3 {[%emt 0:00:06]} Rxd3 {[%emt 0:00:01]} 22. Re1 {[%emt 0:00:02]} Rfd8 {[%emt 0:00:20]} 23. h4 {[%emt 0:00:28]} h5 {[%emt 0:01:38]} 24. Bf1 {[%emt 0:00:06]} R3d7 {[%emt 0:00:04]} 25. b4 {[%emt 0:00:26]} g5 {[%emt 0:00:42]} 26. hxg5 {[%emt 0:00:08]} Bxg5 {[%emt 0:00:03]} 27. Bxg5 {[%emt 0:00:15]} Nxg5 {[%emt 0:00:02]} 28. Kg2 {[%emt 0:00:02]} Rd2 {[%emt 0:00:11]} 29. a4 {[%emt 0:00:10]} bxa4 {[%emt 0:00:24]} 30. Ra1 {[%emt 0:00:02]} Rc2 {[%emt 0:00:01]} 31. Re2 {[%emt 0:00:13]} Rxe2 {[%emt 0:00:03]} 32. Bxe2 {[%emt 0:00:00]} Nxe4 {[%emt 0:00:01]} 33. Bxh5 {[%emt 0:00:06]} Rd2 {[%emt 0:01:26]} 34. Rxa4 {[%emt 0:00:38]} Rxf2+ {[%emt 0:00:03]} 35. Kg1 {[%emt 0:00:11]} Rf6 {[%emt 0:00:20]} 36. Kg2 {[%emt 0:00:10]} Nxc3 {[%emt 0:01:38]} 37. Rxa7 {[%emt 0:00:01]} Nd5 {[%emt 0:00:01]} 38. Rb7 {[%emt 0:00:19]} Ne3+ {[%emt 0:00:43]} 39. Kg1 {[%emt 0:00:00]} Rf1+ {[%emt 0:00:17]} 40. Kh2 {[%emt 0:00:01]} Rf5 {[%emt 0:00:58]} 41. g4 {[%emt 0:00:08]} Rf4 {[%emt 0:00:01]} 42. b5 {[%emt 0:00:30]} Nxg4+ {[%emt 0:00:15]} 43. Kg3 {[%emt 0:00:09]} Nf6 {[%emt 0:00:22]} 44. Rxf7+ {[%emt 0:00:11]} Kh6 {[%emt 0:00:01]} 45. Bf3 {[%emt 0:00:02]} Ne4+ {[%emt 0:00:27]} 46. Bxe4 {[%emt 0:00:01]} Rxf7 {[%emt 0:00:00]} 47. Bxc6 {[%emt 0:00:03]} Rf6 {[%emt 0:00:09]} 48. Kg4 {[%emt 0:00:23]} Rf4+ {[%emt 0:00:10]} 49. Kg3 {[%emt 0:00:02]} Rb4 {[%emt 0:00:13]} 50. Kf3 {[%emt 0:00:13]} Kg5 {[%emt 0:00:04]} 51. Ke3 {[%emt 0:00:01]} Kf5 {[%emt 0:00:09]} 52. Bd7+ {[%emt 0:00:03]} Kf6 {[%emt 0:00:03]} 53. Kd3 {[%emt 0:00:11]} Rd4+ 0-1

[Event "EIRCC 2019"]
[Site "Tallinn"]
[Date "2019.12.05"]
[Round "3.13"]
[White "Yuffa, Daniil"]
[Black "Lavendelis, Egons"]
[Result "1-0"]
[WhiteElo "2587"]
[BlackElo "2293"]
[Annotator "ChessBase"]
[PlyCount "81"]
[EventDate "2019.12.05"]
[EventType "swiss"]
[EventCountry "EST"]
[SourceTitle "playchess.com"]
[Source "ChessBase"]
[SourceQuality "1"]
[TimeControl "900+10"]

1. d4 {[%emt 0:00:24]} Nf6 {[%emt 0:00:00]} 2. c4 {[%emt 0:00:09]} g6 {[%emt 0:00:00]} 3. Nc3 {[%emt 0:00:02]} d5 {[%emt 0:00:00]} 4. cxd5 {[%emt 0:00:02]} Nxd5 {[%emt 0:00:00]} 5. e4 {[%emt 0:00:02]} Nxc3 {[%emt 0:00:01]} 6. bxc3 {[%emt 0:00:01]} Bg7 {[%emt 0:00:02]} 7. Qa4+ {[%emt 0:00:02]} Nd7 {[%emt 0:00:19]} 8. Nf3 {[%emt 0:00:02]} O-O {[%emt 0:00:03]} 9. Be2 {[%emt 0:00:02]} c5 {[%emt 0:00:04]} 10. O-O {[%emt 0:00:03]} Qc7 {[%emt 0:00:20]} 11. Bg5 {[%emt 0:00:22]} Nf6 {[%emt 0:00:35]} 12. Bd3 {[%emt 0:01:03]} b6 {[%emt 0:01:30]} 13. Rfe1 {[%emt 0:00:28]} Bb7 {[%emt 0:00:11]} 14. Rad1 {[%emt 0:00:39]} e6 {[%emt 0:02:01]} 15. Bh4 {[%emt 0:01:40]} Rfc8 {[%emt 0:00:13]} 16. Bg3 {[%emt 0:00:24]} Qd7 {[%emt 0:00:48]} 17. Bb5 {[%emt 0:00:35]} Qe7 {[%emt 0:01:30]} 18. d5 {[%emt 0:00:14]} a6 {[%emt 0:00:23]} 19. d6 {[%emt 0:01:13]} Qd8 {[%emt 0:00:06]} 20. d7 {[%emt 0:01:06]} axb5 {[%emt 0:00:03]} 21. dxc8=Q {[%emt 0:00:12]} Qxc8 {[%emt 0:00:03]} 22. Qc2 {[%emt 0:00:26]} Ra4 {[%emt 0:00:48]} 23. Bh4 {[%emt 0:00:12]} Rxe4 {[%emt 0:01:01]} 24. Bxf6 {[%emt 0:02:07]} Rxe1+ {[%emt 0:00:07]} 25. Rxe1 {[%emt 0:00:15]} Bxf6 {[%emt 0:00:01]} 26. Qd3 {[%emt 0:00:03]} Bd5 {[%emt 0:02:02]} 27. Re3 {[%emt 0:02:38]} c4 {[%emt 0:03:56]} 28. Qb1 {[%emt 0:00:42]} Qc5 {[%emt 0:00:01]} 29. Ne5 {[%emt 0:00:27]} Qa3 {[%emt 0:01:30]} 30. Nd7 {[%emt 0:01:01]} Bxc3 {[%emt 0:00:02]} 31. Nxb6 {[%emt 0:00:40]} b4 {[%emt 0:00:05]} 32. h4 {[%emt 0:00:59]} Qb2 {[%emt 0:00:50]} 33. Qd1 {[%emt 0:01:08]} Qa1 {[%emt 0:00:20]} 34. Qxa1 {[%emt 0:00:35]} Bxa1 {[%emt 0:00:01]} 35. Nxd5 {[%emt 0:00:15]} exd5 {[%emt 0:00:01]} 36. Kf1 {[%emt 0:00:03]} Bf6 {[%emt 0:01:29]} 37. Re8+ {[%emt 0:00:24]} Kg7 {[%emt 0:00:01]} 38. Rb8 {[%emt 0:00:12]} c3 {[%emt 0:00:25]} 39. Ke2 {[%emt 0:00:11]} d4 {[%emt 0:00:23]} 40. Rxb4 {[%emt 0:00:19]} c2 {[%emt 0:00:10]} 41. Rc4 {[%emt 0:00:02]} 1-0

[Event "EIRCC 2019"]
[Site "Tallinn"]
[Date "2019.12.05"]
[Round "3.14"]
[White "Kononenko, Dmitry"]
[Black "Popov, Valerij"]
[Result "0-1"]
[WhiteElo "2277"]
[BlackElo "2583"]
[Annotator "ChessBase"]
[PlyCount "116"]
[EventDate "2019.12.05"]
[EventType "swiss"]
[EventCountry "EST"]
[SourceTitle "playchess.com"]
[Source "ChessBase"]
[SourceQuality "1"]
[TimeControl "900+10"]

1. d4 {[%emt 0:00:00]} d5 {[%emt 0:00:00]} 2. c4 {[%emt 0:00:00]} e6 {[%emt 0:00:00]} 3. Nf3 {[%emt 0:00:00]} Nd7 {[%emt 0:00:00]} 4. g3 {[%emt 0:00:04]} dxc4 {[%emt 0:00:00]} 5. Bg2 {[%emt 0:00:26]} Rb8 {[%emt 0:00:00]} 6. a4 {[%emt 0:01:02]} a6 {[%emt 0:00:00]} 7. a5 {[%emt 0:00:59]} Bb4+ {[%emt 0:02:23]} 8. Bd2 {[%emt 0:00:27]} Qe7 {[%emt 0:00:03]} 9. Qc2 {[%emt 0:00:34]} b5 {[%emt 0:00:19]} 10. axb6 {[%emt 0:00:09]} cxb6 {[%emt 0:00:01]} 11. Qxc4 {[%emt 0:00:38]} Bd6 {[%emt 0:00:51]} 12. Nc3 {[%emt 0:01:14]} b5 {[%emt 0:00:38]} 13. Qd3 {[%emt 0:00:05]} Ngf6 {[%emt 0:00:28]} 14. e4 {[%emt 0:00:24]} e5 {[%emt 0:02:57]} 15. dxe5 {[%emt 0:00:27]} Bxe5 {[%emt 0:00:04]} 16. O-O {[%emt 0:05:05]} O-O {[%emt 0:00:19]} 17. Nxe5 {[%emt 0:00:53]} Nxe5 {[%emt 0:00:01]} 18. Qe2 {[%emt 0:00:38]} Bg4 {[%emt 0:00:24]} 19. f3 {[%emt 0:00:41]} Be6 {[%emt 0:00:00]} 20. Rfd1 {[%emt 0:01:09]} Bb3 {[%emt 0:00:08]} 21. Rdb1 {[%emt 0:00:59]} Rfd8 {[%emt 0:00:28]} 22. Bf4 {[%emt 0:01:12]} b4 {[%emt 0:00:38]} 23. Nd5 {[%emt 0:00:25]} Nxd5 {[%emt 0:00:11]} 24. exd5 {[%emt 0:00:01]} Rxd5 {[%emt 0:00:02]} 25. Qxa6 {[%emt 0:00:59]} Qc5+ {[%emt 0:00:37]} 26. Kh1 {[%emt 0:00:02]} Nd3 {[%emt 0:00:08]} 27. Qa7 {[%emt 0:00:25]} Nf2+ {[%emt 0:01:15]} 28. Kg1 {[%emt 0:00:01]} Nh3+ {[%emt 0:00:01]} 29. Kh1 {[%emt 0:00:01]} Qxa7 {[%emt 0:00:01]} 30. Rxa7 {[%emt 0:00:01]} Nxf4 {[%emt 0:00:02]} 31. gxf4 {[%emt 0:00:03]} g6 {[%emt 0:00:08]} 32. f5 {[%emt 0:00:38]} Rxf5 {[%emt 0:00:12]} 33. Re1 {[%emt 0:00:07]} Kg7 {[%emt 0:00:34]} 34. Kg1 {[%emt 0:00:02]} Rc5 {[%emt 0:00:04]} 35. Re2 {[%emt 0:00:15]} Rb6 {[%emt 0:00:21]} 36. Kf2 {[%emt 0:00:11]} Kf6 {[%emt 0:00:01]} 37. Rd2 {[%emt 0:00:07]} Be6 {[%emt 0:00:04]} 38. Bf1 {[%emt 0:00:14]} b3 {[%emt 0:00:07]} 39. Ra4 {[%emt 0:00:34]} Rc2 {[%emt 0:00:17]} 40. Rf4+ {[%emt 0:00:05]} Kg5 {[%emt 0:00:09]} 41. Rfd4 {[%emt 0:00:02]} Rb4 {[%emt 0:00:01]} 42. Rd6 {[%emt 0:00:11]} Rb6 {[%emt 0:00:40]} 43. R6d4 {[%emt 0:00:02]} Rb4 {[%emt 0:00:20]} 44. Rd6 {[%emt 0:00:01]} h5 {[%emt 0:00:06]} 45. Ke3 {[%emt 0:00:13]} Bf5 {[%emt 0:00:41]} 46. Bd3 {[%emt 0:00:17]} Rxd2 {[%emt 0:01:03]} 47. Kxd2 {[%emt 0:00:01]} Rh4 {[%emt 0:00:11]} 48. Rd5 {[%emt 0:00:14]} Rxh2+ {[%emt 0:00:03]} 49. Kc3 {[%emt 0:00:02]} h4 {[%emt 0:00:18]} 50. Bxf5 {[%emt 0:00:18]} gxf5 {[%emt 0:00:01]} 51. Kxb3 {[%emt 0:00:02]} h3 {[%emt 0:00:00]} 52. Rd8 {[%emt 0:00:11]} Rf2 {[%emt 0:00:13]} 53. Rg8+ {[%emt 0:00:01]} Kf4 {[%emt 0:00:03]} 54. Rh8 {[%emt 0:00:03]} h2 {[%emt 0:00:03]} 55. Kc3 {[%emt 0:00:05]} Rxf3+ {[%emt 0:00:12]} 56. Kc4 {[%emt 0:00:04]} Kg3 {[%emt 0:00:02]} 57. b4 {[%emt 0:00:04]} Rf4+ {[%emt 0:00:04]} 58. Kc5 {[%emt 0:00:04]} Rh4 {[%emt 0:00:01]} 0-1

[Event "EIRCC 2019"]
[Site "Tallinn"]
[Date "2019.12.05"]
[Round "3.15"]
[White "Heinzel, Olaf"]
[Black "Babula, Vlastimil"]
[Result "1/2-1/2"]
[WhiteElo "2269"]
[BlackElo "2559"]
[Annotator "ChessBase"]
[PlyCount "132"]
[EventDate "2019.12.05"]
[EventType "swiss"]
[EventCountry "EST"]
[SourceTitle "playchess.com"]
[Source "ChessBase"]
[SourceQuality "1"]
[TimeControl "900+10"]

1. d4 {[%emt 0:00:00]} Nf6 {[%emt 0:00:00]} 2. Bf4 {[%emt 0:00:00]} c5 {[%emt 0:00:10]} 3. e3 {[%emt 0:00:00]} e6 {[%emt 0:00:14]} 4. Nf3 {[%emt 0:00:03]} cxd4 {[%emt 0:00:16]} 5. exd4 {[%emt 0:00:01]} Qb6 {[%emt 0:00:03]} 6. Nc3 {[%emt 0:00:32]} Nc6 {[%emt 0:00:24]} 7. a3 {[%emt 0:00:15]} d6 {[%emt 0:01:16]} 8. Be2 {[%emt 0:01:11]} Be7 {[%emt 0:00:02]} 9. O-O {[%emt 0:00:03]} O-O {[%emt 0:00:03]} 10. h3 {[%emt 0:00:40]} Bd7 {[%emt 0:00:06]} 11. Re1 {[%emt 0:01:09]} Rac8 {[%emt 0:00:04]} 12. Bf1 {[%emt 0:00:30]} Na5 {[%emt 0:00:11]} 13. d5 {[%emt 0:01:08]} Qxb2 {[%emt 0:01:16]} 14. dxe6 {[%emt 0:02:20]} fxe6 {[%emt 0:00:11]} 15. Nb5 {[%emt 0:00:40]} e5 {[%emt 0:02:47]} 16. Nxa7 {[%emt 0:03:58]} Ra8 {[%emt 0:02:53]} 17. Be3 {[%emt 0:01:14]} Ba4 {[%emt 0:02:22]} 18. Qd2 {[%emt 0:02:10]} Nc6 {[%emt 0:02:12]} 19. Bd3 {[%emt 0:00:48]} e4 {[%emt 0:02:10]} 20. Reb1 {[%emt 0:00:25]} Qxa1 {[%emt 0:00:19]} 21. Rxa1 {[%emt 0:00:03]} exd3 {[%emt 0:00:07]} 22. Nxc6 {[%emt 0:00:08]} Bxc6 {[%emt 0:00:04]} 23. cxd3 {[%emt 0:00:08]} Bxf3 {[%emt 0:00:19]} 24. gxf3 {[%emt 0:00:02]} Kh8 {[%emt 0:00:02]} 25. Qb2 {[%emt 0:00:13]} d5 {[%emt 0:00:27]} 26. a4 {[%emt 0:00:22]} Nd7 {[%emt 0:00:13]} 27. Qxb7 {[%emt 0:00:09]} Bf6 {[%emt 0:00:01]} 28. d4 {[%emt 0:00:09]} Nc5 {[%emt 0:00:09]} 29. Qxd5 {[%emt 0:00:28]} Nxa4 {[%emt 0:00:12]} 30. Qc6 {[%emt 0:00:06]} Nb6 {[%emt 0:00:31]} 31. Rxa8 {[%emt 0:00:02]} Nxa8 {[%emt 0:00:01]} 32. d5 {[%emt 0:00:00]} h6 {[%emt 0:00:09]} 33. Kg2 {[%emt 0:00:18]} Be5 {[%emt 0:00:16]} 34. Bxh6 {[%emt 0:00:21]} Nc7 {[%emt 0:00:16]} 35. Be3 {[%emt 0:00:10]} Rf6 {[%emt 0:00:03]} 36. Qb7 {[%emt 0:00:09]} Rd6 {[%emt 0:00:07]} 37. f4 {[%emt 0:00:23]} Rg6+ {[%emt 0:00:03]} 38. Kf3 {[%emt 0:00:03]} Bd6 {[%emt 0:00:01]} 39. Qc8+ {[%emt 0:00:12]} Kh7 {[%emt 0:00:01]} 40. Qf5 {[%emt 0:00:02]} Kh6 {[%emt 0:00:08]} 41. Qe4 {[%emt 0:00:27]} Rf6 {[%emt 0:00:04]} 42. f5+ {[%emt 0:00:05]} Kh7 {[%emt 0:00:01]} 43. Bd4 {[%emt 0:00:12]} Rf7 {[%emt 0:00:06]} 44. Kg2 {[%emt 0:00:11]} Re7 {[%emt 0:00:11]} 45. Qf3 {[%emt 0:00:12]} Rf7 {[%emt 0:00:17]} 46. Bb6 {[%emt 0:00:07]} Ne8 {[%emt 0:00:01]} 47. Qh5+ {[%emt 0:00:10]} Kg8 {[%emt 0:00:02]} 48. Bd4 {[%emt 0:00:01]} Nf6 {[%emt 0:00:04]} 49. Bxf6 {[%emt 0:00:04]} Rxf6 {[%emt 0:00:06]} 50. Qe8+ {[%emt 0:00:03]} Kh7 {[%emt 0:00:25]} 51. Qe4 {[%emt 0:00:01]} Kg8 {[%emt 0:00:08]} 52. Kf1 {[%emt 0:00:01]} Kf7 {[%emt 0:00:14]} 53. Ke2 {[%emt 0:00:04]} Be7 {[%emt 0:00:02]} 54. Kd3 {[%emt 0:00:03]} Ra6 {[%emt 0:00:02]} 55. Qc4 {[%emt 0:00:04]} Rd6 {[%emt 0:00:44]} 56. Ke4 {[%emt 0:00:01]} Kf8 {[%emt 0:00:03]} 57. Qc7 {[%emt 0:00:17]} Rh6 {[%emt 0:00:04]} 58. f4 {[%emt 0:00:05]} Kf7 {[%emt 0:00:16]} 59. h4 {[%emt 0:00:12]} Kf8 {[%emt 0:00:28]} 60. h5 {[%emt 0:00:03]} Kf7 {[%emt 0:00:09]} 61. Ke5 {[%emt 0:00:05]} Ra6 {[%emt 0:00:41]} 62. d6 {[%emt 0:00:13]} Rxd6 {[%emt 0:00:08]} 63. Qc4+ {[%emt 0:00:30]} Kf8 {[%emt 0:00:20]} 64. Ke4 {[%emt 0:00:06]} Bf6 {[%emt 0:00:02]} 65. Kf3 {[%emt 0:00:03]} Be7 {[%emt 0:00:06]} 66. Qc8+ {[%emt 0:00:04]} Rd8 {[%emt 0:00:02]} 1/2-1/2